GREAT ESSAYS IN SCIENCE. (Record no. 1346090)

MARC details
000 -LEADER
fixed length control field 00466nam a2200181Ia 4500
008 - FIXED-LENGTH DATA ELEMENTS--GENERAL INFORMATION
fixed length control field 151202s9999||||xx |||||||||||||| ||und||
082 ## - DEWEY DECIMAL CLASSIFICATION NUMBER
Item number PNVM-81482
100 ## - MAIN ENTRY--PERSONAL NAME
Personal name GARDNER MARTIN.
245 ## - TITLE STATEMENT
Title GREAT ESSAYS IN SCIENCE.
260 ## - PUBLICATION, DISTRIBUTION, ETC. (IMPRINT)
Name of publisher, distributor, etc "WASHINGTON SQUARE, NEWYORK."
260 ## - PUBLICATION, DISTRIBUTION, ETC. (IMPRINT)
Date of publication, distribution, etc 1970
300 ## - PHYSICAL DESCRIPTION
Extent 410
600 ## - SUBJECT ADDED ENTRY--PERSONAL NAME
Personal name GARDNER MARTIN.
630 ## - SUBJECT ADDED ENTRY--UNIFORM TITLE
Uniform title GREAT ESSAYS IN SCIENCE.
700 ## - ADDED ENTRY--PERSONAL NAME
Personal name GARDNER MARTIN.
730 ## - ADDED ENTRY--UNIFORM TITLE
Uniform title GREAT ESSAYS IN SCIENCE.
942 ## - ADDED ENTRY ELEMENTS (KOHA)
Koha item type Book
Holdings
Withdrawn status Lost status Damaged status Not for loan Home library Current library Date acquired Cost, normal purchase price Total Checkouts Full call number Barcode Date last seen Cost, replacement price Price effective from Koha item type
        Pune Nagar Vachan Mandir, Pune Pune Nagar Vachan Mandir, Pune 06/21/2015 0.00   PNVM-81482 PNVM-81482 12/02/2015 0.00 12/02/2015 Book